| 000 | 00624nam a22002297a 4500 | ||
|---|---|---|---|
| 005 | 20170124105949.0 | ||
| 010 | _a858806 | ||
| 020 | _c00.00 | ||
| 035 | _a858806 | ||
| 037 | _bCen Lib/Ret | ||
| 040 |
_aDPL _bEN |
||
| 082 |
_a332 _bGAR |
||
| 100 |
_aGarg, K. N. _913184 |
||
| 245 |
_aMoney, banking trade and finance / _cby K. N. Garg |
||
| 250 | _a2nd ed | ||
| 260 |
_aAllahabad _bKitab Mahal _c1989 |
||
| 270 |
_a15, Thornhill Road _bAllahabad |
||
| 300 |
_axiv, 789p. _c21cm(Hb) |
||
| 650 |
_aBanks and banking _9101818 |
||
| 650 |
_aBusiness _98513 |
||
| 942 |
_2ddc _cEN _h332 _mGAR |
||
| 999 |
_c125152 _d125152 |
||